[Event "I Memorial Oliver Gonzalez Somoza"]
[Site "Madrid ESP"]
[Date "2010.10.15"]
[Round "7.47"]
[White "Dominguez Carmona, Miguel"]
[Black "Gonzalo Gonzalez, Francisco"]
[Result "1-0"]
[WhiteElo "2066"]
[BlackElo "1784"]
[PlyCount "41"]
[EventDate "2010.10.09"]
[EventType "swiss"]
[EventRounds "9"]
[EventCountry "ESP"]
[Source "lmi"]
[SourceDate "2010.10.09"]

1. d4 e5 2. dxe5 Nc6 3. Nf3 Qe7 4. Qd5 b6 5. Nc3 Bb7 6. Bg5 f6 7. exf6 gxf6 8.
Bh4 O-O-O 9. e3 Nb4 10. Qd2 d5 11. a3 Na6 12. Nd4 Nh6 13. Bxa6 Bxa6 14. Nc6 Qg7
15. Nxd8 Kxd8 16. Qxd5+ Bd6 17. Ne4 Ng8 18. Nxd6 cxd6 19. O-O-O Bc8 20. Qxd6+
Bd7 21. Qb8+ 1-0

[Event "I Memorial Oliver Gonzalez Somoza"]
[Site "Madrid ESP"]
[Date "2010.10.15"]
[Round "7.48"]
[White "Tirado Parra, Alberto"]
[Black "Calderon Martin, Antonio"]
[Result "0-1"]
[WhiteElo "1951"]
[BlackElo "1745"]
[PlyCount "112"]
[EventDate "2010.10.09"]
[EventType "swiss"]
[EventRounds "9"]
[EventCountry "ESP"]
[Source "lmi"]
[SourceDate "2010.10.09"]

1. b3 e5 2. Bb2 Nc6 3. e3 d6 4. Bb5 g6 5. d4 Bg7 6. Bxc6+ bxc6 7. dxe5 Ne7 8.
Nf3 O-O 9. Nbd2 c5 10. Qc1 Bb7 11. exd6 cxd6 12. Bxg7 Kxg7 13. Qb2+ Kg8 14. c4
Nf5 15. O-O Nh4 16. Rad1 f5 17. Nxh4 Qxh4 18. f3 Rfe8 19. e4 fxe4 20. Nxe4 Bxe4
21. fxe4 Re6 22. Qd2 Rae8 23. Rf4 Qh6 24. Rdf1 Qg7 25. e5 Qxe5 26. Rf7 Qd4+ 27.
Qxd4 cxd4 28. R7f4 d3 29. Rd4 Re3 30. Rxd6 Kg7 31. Rd1 Re1+ 32. Rxe1 Rxe1+ 33.
Kf2 Re2+ 34. Kf3 Rxa2 35. Rxd3 a5 36. Rc3 Ra3 37. Ke4 a4 38. Rd3 axb3 39. Rd7+
Kf6 40. Rb7 Ra2 41. Rxb3 Rxg2 42. h3 Ke6 43. Kd4 Kd6 44. Rb7 h5 45. Rb6+ Kc7
46. Rf6 Rg3 47. Kc5 Rg5+ 48. Kd4 Rg3 49. Re6 Rxh3 50. Rxg6 h4 51. Kc5 Rh1 52.
Rg7+ Kd8 53. Kd6 Rd1+ 54. Kc6 h3 55. Rh7 h2 56. c5 h1=Q+ 0-1

[Event "I Memorial Oliver Gonzalez Somoza"]
[Site "Madrid ESP"]
[Date "2010.10.15"]
[Round "7.49"]
[White "Martin-Consuegra Barrilero, Javier"]
[Black "Franco Rincon, David"]
[Result "1-0"]
[WhiteElo "1930"]
[BlackElo "1770"]
[PlyCount "137"]
[EventDate "2010.10.09"]
[EventType "swiss"]
[EventRounds "9"]
[EventCountry "ESP"]
[Source "lmi"]
[SourceDate "2010.10.09"]

1. d4 d5 2. Bf4 Nf6 3. e3 e6 4. Bd3 c5 5. c3 Nc6 6. Nd2 Bd7 7. h3 Be7 8. Ngf3
O-O 9. Ne5 cxd4 10. exd4 Nxe5 11. dxe5 Ne8 12. O-O f6 13. Nf3 fxe5 14. Bxe5 Bf6
15. Qe2 Nc7 16. Rfe1 a6 17. a4 Rc8 18. a5 Qe8 19. Bg3 Qf7 20. Ne5 Bxe5 21. Qxe5
Ne8 22. Re3 Qf6 23. Qh5 g6 24. Qh6 Qg7 25. Qg5 Qf6 26. h4 Qxg5 27. hxg5 Ng7 28.
Be5 Nf5 29. Rh3 Ne7 30. Bf6 Nc6 31. Rh2 e5 32. f3 Rce8 33. Bf1 d4 34. cxd4 exd4
35. Rh4 Bf5 36. Bxd4 Nxd4 37. Rxd4 Re7 38. Rad1 Rfe8 39. Rd8 Kf8 40. Rxe8+ Kxe8
41. b4 Bd7 42. Rd4 Bc6 43. Kf2 Kf7 44. Bc4+ Ke8 45. Bd5 Kd7 46. Bxc6+ Kxc6 47.
g3 Kb5 48. f4 Kc6 49. g4 Rf7 50. Kf3 Rf8 51. Rc4+ Kd6 52. Rc5 Rf7 53. f5 Re7
54. f6 Rf7 55. Kf4 Ke6 56. Re5+ Kd6 57. b5 axb5 58. Rxb5 Kc6 59. Rb6+ Kd5 60.
Rb1 Ke6 61. Re1+ Kd6 62. Re7 Rxe7 63. fxe7 Kxe7 64. Ke5 Ke8 65. Ke6 Kd8 66. Kf7
Kd7 67. Kg7 Ke7 68. Kxh7 Kf7 69. Kh6 1-0

[Event "I Memorial Oliver Gonzalez Somoza"]
[Site "Madrid ESP"]
[Date "2010.10.15"]
[Round "7.50"]
[White "Ananian, Arman"]
[Black "Garcia Serrano, Jose Manuel"]
[Result "1-0"]
[WhiteElo "1787"]
[BlackElo "1926"]
[PlyCount "50"]
[EventDate "2010.10.09"]
[EventType "swiss"]
[EventRounds "9"]
[EventCountry "ESP"]
[Source "lmi"]
[SourceDate "2010.10.09"]

1. e4 e5 2. Nf3 Nc6 3. Bb5 a6 4. Ba4 Nf6 5. O-O b5 6. Bb3 Be7 7. c3 O-O 8. Re1
d5 9. exd5 Nxd5 10. Nxe5 Nxe5 11. Rxe5 Nf6 12. d4 Bd6 13. Re1 Ng4 14. h3 Qh4
15. Qf3 Nxf2 16. Qxf2 Qh5 17. Bf4 Bxf4 18. Qxf4 Qg6 19. Qf3 Bf5 20. Nd2 Rad8
21. Ne4 Bd7 22. Qg3 Qc6 23. Nc5 Bf5 24. Re5 Bg6 25. Ne6 fxe6 1-0

[Event "I Memorial Oliver Gonzalez Somoza"]
[Site "Madrid ESP"]
[Date "2010.10.15"]
[Round "7.51"]
[White "Peñaranda Grilo, Juan Carlos"]
[Black "Calderon Rojo, Daniel"]
[Result "1-0"]
[WhiteElo "1920"]
[BlackElo "1743"]
[PlyCount "105"]
[EventDate "2010.10.09"]
[EventType "swiss"]
[EventRounds "9"]
[EventCountry "ESP"]
[Source "lmi"]
[SourceDate "2010.10.09"]

1. d4 g6 2. c4 Bg7 3. Nc3 c5 4. e3 cxd4 5. exd4 d6 6. Be3 Nf6 7. h3 O-O 8. Nf3
Re8 9. Be2 e6 10. O-O d5 11. c5 Nc6 12. Bb5 Qc7 13. Ne5 Bd7 14. Bxc6 Bxc6 15.
Bf4 Qc8 16. Re1 Nd7 17. Nxd7 Qxd7 18. Bd6 Bf8 19. Bxf8 Rxf8 20. Re3 Rfc8 21. h4
Kg7 22. h5 Qe7 23. Qg4 Rf8 24. f4 f5 25. Qh3 Qf6 26. h6+ Kf7 27. Re5 Rfe8 28.
Rae1 Qd8 29. g4 Qd7 30. g5 Re7 31. Qe3 Rb8 32. b4 Rbe8 33. Qe2 a6 34. Qc2 Rb8
35. a4 Ra8 36. Qe2 Qc8 37. b5 axb5 38. axb5 Qd7 39. bxc6 bxc6 40. Qb2 Qa7 41.
Rb1 Qa5 42. Qb4 Qc7 43. Qb6 Qd7 44. Re2 Ra7 45. Reb2 Rc7 46. Qb3 Ra7 47. Qc2
Qc7 48. Qd2 Re8 49. Ra2 Rea8 50. Rxa7 Rxa7 51. Ne2 Ke7 52. Qb2 Kd7 53. Qb8 1-0

[Event "I Memorial Oliver Gonzalez Somoza"]
[Site "Madrid ESP"]
[Date "2010.10.15"]
[Round "7.52"]
[White "Lozano Sanchez, Jose Antonio"]
[Black "Sanchez Tapia, Luis G"]
[Result "1-0"]
[WhiteElo "1914"]
[BlackElo "1638"]
[PlyCount "79"]
[EventDate "2010.10.09"]
[EventType "swiss"]
[EventRounds "9"]
[EventCountry "ESP"]
[Source "lmi"]
[SourceDate "2010.10.09"]

1. e4 c5 2. Nf3 d6 3. Bc4 e6 4. Nc3 Bd7 5. O-O Nc6 6. a3 Be7 7. d3 Bf6 8. Bf4
Bxc3 9. bxc3 Na5 10. Bxd6 Nxc4 11. dxc4 Qa5 12. Ne5 Nf6 13. Qf3 Bc6 14. Nxc6
bxc6 15. e5 Nd7 16. Qxc6 Qd8 17. Rfd1 Qc8 18. Qa4 f6 19. Rd2 Kf7 20. f4 Qb7 21.
Rad1 Kg6 22. Qb5 Qxb5 23. cxb5 Nb6 24. Bxc5 Nd5 25. f5+ Kxf5 26. Rf1+ Kg6 27.
c4 Nc3 28. Rd7 Ne4 29. Bxa7 Rhc8 30. b6 Rxa7 31. Rxa7 Nd2 32. b7 Rb8 33. c5 Rd8
34. Ra8 Rd5 35. b8=Q Nxf1 36. Kxf1 Rxc5 37. exf6 Rf5+ 38. Ke2 Kxf6 39. Qb2+
Re5+ 40. Kf3 1-0

[Event "I Memorial Oliver Gonzalez Somoza"]
[Site "Madrid ESP"]
[Date "2010.10.15"]
[Round "7.54"]
[White "Fernandez Gil, Ruben Carlos"]
[Black "Marcos Herrero, Francisco"]
[Result "1-0"]
[WhiteElo "1719"]
[BlackElo "1880"]
[PlyCount "57"]
[EventDate "2010.10.09"]
[EventType "swiss"]
[EventRounds "9"]
[EventCountry "ESP"]
[Source "lmi"]
[SourceDate "2010.10.09"]

1. e4 c5 2. Nf3 d6 3. d4 Nf6 4. Nc3 cxd4 5. Nxd4 g6 6. Be3 Bg7 7. f3 O-O 8. Qd2
Nc6 9. Bc4 Bd7 10. O-O-O Rc8 11. Bb3 Na5 12. h4 Nxb3+ 13. Nxb3 a5 14. Bh6 Bh8
15. Bxf8 Kxf8 16. g4 a4 17. e5 axb3 18. exf6 Bxf6 19. cxb3 Qa5 20. Kb1 Ra8 21.
h5 b5 22. hxg6 hxg6 23. Rh7 Bc6 24. g5 Be5 25. f4 Be4+ 26. Ka1 Bxc3 27. bxc3
Kg8 28. Rh6 Qc7 29. Qd4 1-0

[Event "I Memorial Oliver Gonzalez Somoza"]
[Site "Madrid ESP"]
[Date "2010.10.15"]
[Round "7.57"]
[White "Tevar Sanz, Gonzalo"]
[Black "Sanchez Lopez, Pedro"]
[Result "1-0"]
[WhiteElo "1878"]
[BlackElo "1474"]
[PlyCount "31"]
[EventDate "2010.10.09"]
[EventType "swiss"]
[EventRounds "9"]
[EventCountry "ESP"]
[Source "lmi"]
[SourceDate "2010.10.09"]

1. d4 Nf6 2. Bf4 c5 3. e3 d5 4. Nf3 Nc6 5. Nbd2 e6 6. c3 Be7 7. Bd3 Qb6 8. Rb1
Bd7 9. Ne5 O-O 10. Qf3 c4 11. Bc2 Qd8 12. Qg3 Ne8 13. h4 Bf6 14. Ndf3 b5 15.
Ng5 Bxg5 16. Bxh7+ 1-0

[Event "I Memorial Oliver Gonzalez Somoza"]
[Site "Madrid ESP"]
[Date "2010.10.15"]
[Round "7.58"]
[White "Molina Garcia, Francisco J"]
[Black "Martin Garcia, Francisco J"]
[Result "1-0"]
[WhiteElo "1861"]
[BlackElo "1575"]
[PlyCount "61"]
[EventDate "2010.10.09"]
[EventType "swiss"]
[EventRounds "9"]
[EventCountry "ESP"]
[Source "lmi"]
[SourceDate "2010.10.09"]

1. d4 Nf6 2. Nf3 g6 3. Bf4 Bg7 4. Nbd2 O-O 5. e4 d6 6. Bd3 Nbd7 7. O-O c5 8. c3
a6 9. a4 Rb8 10. h3 b5 11. axb5 axb5 12. Qe2 b4 13. Bh2 bxc3 14. bxc3 cxd4 15.
cxd4 Rb2 16. e5 dxe5 17. dxe5 Nd5 18. e6 Nc5 19. exf7+ Kh8 20. Bc4 Nb4 21. Be5
Bf6 22. Bxb2 Bxb2 23. Rab1 Bf6 24. Rxb4 Bxh3 25. gxh3 Qd7 26. Kg2 Bc3 27. Rd1
Qf5 28. Qxe7 Kg7 29. Qxf8+ Kxf8 30. Rb8+ Kg7 31. Rg8+ 1-0

[Event "I Memorial Oliver Gonzalez Somoza"]
[Site "Madrid ESP"]
[Date "2010.10.15"]
[Round "7.59"]
[White "Martin Rodriguez, Jose L"]
[Black "Aguado Rodriguez, Guillermo"]
[Result "0-1"]
[WhiteElo "1519"]
[BlackElo "1845"]
[PlyCount "58"]
[EventDate "2010.10.09"]
[EventType "swiss"]
[EventRounds "9"]
[EventCountry "ESP"]
[Source "lmi"]
[SourceDate "2010.10.09"]

1. e4 e5 2. Nf3 Nc6 3. d4 exd4 4. Nxd4 Bc5 5. Nb3 Bb6 6. a4 a5 7. Qe2 Nge7 8.
Be3 Bxe3 9. Qxe3 O-O 10. Qg5 d5 11. Bd3 Nb4 12. Nc3 Nxd3+ 13. cxd3 h6 14. Qh4
b6 15. O-O Ba6 16. Rfd1 Re8 17. Rac1 d4 18. Ne2 c5 19. Ng3 Qd7 20. Nh5 Qxa4 21.
Qg3 Ng6 22. f4 Qxb3 23. f5 Re5 24. Rf1 Qxd3 25. Rf3 Qd2 26. Rcf1 Bxf1 27. Rf2
Qg5 28. Qxg5 hxg5 29. fxg6 fxg6 0-1

[Event "I Memorial Oliver Gonzalez Somoza"]
[Site "Madrid ESP"]
[Date "2010.10.15"]
[Round "7.60"]
[White "Merino Araguas, Jose Javier"]
[Black "Ojosnegros Martin, Angel"]
[Result "1-0"]
[WhiteElo "1834"]
[BlackElo "1384"]
[PlyCount "81"]
[EventDate "2010.10.09"]
[EventType "swiss"]
[EventRounds "9"]
[EventCountry "ESP"]
[Source "lmi"]
[SourceDate "2010.10.09"]

1. d4 Nf6 2. c4 g6 3. Nc3 Bg7 4. e4 d6 5. f4 Bg4 6. Be2 Bxe2 7. Ngxe2 Nfd7 8.
O-O O-O 9. Be3 f5 10. Qb3 b6 11. e5 Kh8 12. Rad1 Nc6 13. Qc2 Nb4 14. Qb1 Nc6
15. b3 Qc8 16. d5 Na5 17. exd6 cxd6 18. Nd4 Nc5 19. Qc2 Nab7 20. Rfe1 Nd8 21.
Bf2 Qd7 22. Nf3 Nf7 23. Bd4 Rae8 24. Bxg7+ Kxg7 25. Qd2 Kg8 26. Nd4 Nd8 27. b4
Ncb7 28. Qe2 Rf6 29. Rd3 e6 30. Re3 Kf7 31. h4 h5 32. a3 a5 33. Nf3 axb4 34.
axb4 Re7 35. Ng5+ Ke8 36. Nxe6 Nxe6 37. Rxe6 Rfxe6 38. dxe6 Qc8 39. Nd5 Rg7 40.
Qb2 Qxc4 41. Qxg7 1-0

[Event "I Memorial Oliver Gonzalez Somoza"]
[Site "Madrid ESP"]
[Date "2010.10.15"]
[Round "7.71"]
[White "Cepas Castillo, Juan Carlos"]
[Black "Sierra Bermejo, Gregorio"]
[Result "1-0"]
[WhiteElo "1594"]
[BlackElo "1737"]
[PlyCount "53"]
[EventDate "2010.10.09"]
[EventType "swiss"]
[EventRounds "9"]
[EventCountry "ESP"]
[Source "lmi"]
[SourceDate "2010.10.09"]

1. e4 d5 2. exd5 Nf6 3. d4 Nxd5 4. c4 Nf6 5. Nc3 g6 6. Nf3 Bg7 7. g3 O-O 8. Bg2
Bg4 9. h3 Bc8 10. O-O c6 11. b3 Nbd7 12. Bb2 Re8 13. Re1 Qc7 14. Ba3 e5 15.
dxe5 Nh5 16. Bd6 Qb6 17. Qd2 Bh8 18. g4 Ng7 19. Ng5 Nc5 20. Qf4 Be6 21. Re3 Nd7
22. Rf3 Rf8 23. Nce4 Qd8 24. Bxf8 Qxf8 25. Rd1 Qe7 26. Rxd7 Bxd7 27. Nf6+ 1-0

[Event "I Memorial Oliver Gonzalez Somoza"]
[Site "Madrid ESP"]
[Date "2010.10.15"]
[Round "7.72"]
[White "Garcia-Ines Sanchez, Gustavo"]
[Black "Nuñez Alonso, Raul"]
[Result "0-1"]
[WhiteElo "1685"]
[BlackElo "1426"]
[PlyCount "86"]
[EventDate "2010.10.09"]
[EventType "swiss"]
[EventRounds "9"]
[EventCountry "ESP"]
[Source "lmi"]
[SourceDate "2010.10.09"]

1. e4 c5 2. Nf3 d6 3. d4 cxd4 4. Nxd4 Nf6 5. Nc3 a6 6. Be3 e5 7. Nb3 Be6 8. f3
Be7 9. Na4 Nbd7 10. Nc3 O-O 11. Nd5 Nxd5 12. exd5 Bf5 13. Qd2 Qc7 14. Bd3 Bxd3
15. Qxd3 Rac8 16. c3 f5 17. h4 Qc4 18. Qxc4 Rxc4 19. Bf2 e4 20. Nd2 Rc7 21.
fxe4 fxe4 22. Nxe4 Rc4 23. Bd4 Rf4 24. Nd2 Bxh4+ 25. Rxh4 Rxh4 26. Ke2 Rc8 27.
Nf3 Re8+ 28. Kf2 Rhe4 29. Rh1 Re2+ 30. Kg3 Rxb2 31. Ng5 h6 32. Ne6 Ne5 33. Re1
Nf7 34. Bxg7 Ng5 35. Bxh6 Nxe6 36. dxe6 Rb6 37. Kf4 Kh7 38. Bg5 Kg6 39. e7 Rb5
40. g4 Rb2 41. Bh4 Rxa2 42. Re6+ Kf7 43. Kf5 Ra5+ 0-1

[Event "I Memorial Oliver Gonzalez Somoza"]
[Site "Madrid ESP"]
[Date "2010.10.16"]
[Round "8.1"]
[White "Fedorchuk, Sergey A"]
[Black "Korneev, Oleg"]
[Result "1/2-1/2"]
[WhiteElo "2671"]
[BlackElo "2556"]
[PlyCount "41"]
[EventDate "2010.10.09"]
[EventType "swiss"]
[EventRounds "9"]
[EventCountry "ESP"]
[Source "lmi"]
[SourceDate "2010.10.09"]

1. e4 e5 2. Nf3 Nc6 3. Bb5 a6 4. Bxc6 dxc6 5. O-O f6 6. d4 exd4 7. Nxd4 c5 8.
Ne2 Qxd1 9. Rxd1 Bd7 10. Be3 O-O-O 11. Nbc3 Re8 12. Rd2 Bc6 13. Rad1 b6 14. f3
Ne7 15. Nf4 Ng6 16. Nxg6 hxg6 17. Bf4 g5 18. Bg3 Be7 19. Nd5 Bd8 20. Ne3 g6 21.
Bf2 1/2-1/2

[Event "I Memorial Oliver Gonzalez Somoza"]
[Site "Madrid ESP"]
[Date "2010.10.16"]
[Round "8.2"]
[White "Strikovic, Aleksa"]
[Black "Almeida Quintana, Omar"]
[Result "0-1"]
[WhiteElo "2560"]
[BlackElo "2559"]
[PlyCount "80"]
[EventDate "2010.10.09"]
[EventType "swiss"]
[EventRounds "9"]
[EventCountry "ESP"]
[Source "lmi"]
[SourceDate "2010.10.09"]

1. Nf3 g6 2. d4 Bg7 3. c4 d6 4. g3 Nf6 5. Bg2 O-O 6. O-O c6 7. Nc3 Qa5 8. e4 e5
9. Re1 Bg4 10. d5 cxd5 11. cxd5 Na6 12. a3 Rfc8 13. Bd2 Qd8 14. b4 Nc7 15. h3
Bd7 16. Bf1 Qf8 17. Rc1 Bh6 18. Bxh6 Qxh6 19. Qd2 Qf8 20. Qe3 Nh5 21. Nd2 f5
22. exf5 gxf5 23. Qg5+ Ng7 24. f4 e4 25. g4 Kh8 26. gxf5 e3 27. Nde4 Nxf5 28.
Bd3 Ne8 29. Ng3 Nxg3 30. Qxg3 Nf6 31. Kh2 Qh6 32. Ne4 Nxe4 33. Rxc8+ Rxc8 34.
Bxe4 Bxh3 35. Qg5 Qxg5 36. fxg5 Re8 37. Bf3 Bf5 38. Kg3 Bd3 39. Be2 Bxe2 40.
Rxe2 Kg7 0-1

[Event "I Memorial Oliver Gonzalez Somoza"]
[Site "Madrid ESP"]
[Date "2010.10.16"]
[Round "8.3"]
[White "Almagro Llamas, Pablo"]
[Black "Lariño Nieto, David"]
[Result "1-0"]
[WhiteElo "2451"]
[BlackElo "2451"]
[PlyCount "95"]
[EventDate "2010.10.09"]
[EventType "swiss"]
[EventRounds "9"]
[EventCountry "ESP"]
[Source "lmi"]
[SourceDate "2010.10.09"]

1. c4 Nf6 2. g3 g6 3. Bg2 Bg7 4. Nf3 O-O 5. O-O d6 6. d4 Nbd7 7. Nc3 e5 8. e4
exd4 9. Nxd4 Re8 10. h3 Nc5 11. Re1 Nfd7 12. Be3 a6 13. Qc2 Ne5 14. b3 Bd7 15.
Rad1 Qc8 16. Kh2 Nc6 17. Nxc6 Bxc6 18. Nd5 b6 19. Bg5 Bxd5 20. cxd5 a5 21. h4
Qd7 22. Bh3 Qb5 23. Bf1 Qd7 24. a3 h6 25. Bd2 Re7 26. b4 axb4 27. axb4 Nb7 28.
Rc1 Ra3 29. Re3 Rxe3 30. Bxe3 Nd8 31. Qc4 Kh7 32. Rc2 Qg4 33. Bh3 Qf3 34. Bg2
Qg4 35. Ra2 f5 36. Ra7 Nf7 37. f4 Ne5 38. Qf1 fxe4 39. fxe5 Bxe5 40. Bf4 Rf7
41. Bh3 Qh5 42. Bxe5 Rxf1 43. Rxc7+ Kg8 44. Be6+ Rf7 45. Bxf7+ Kf8 46. Bxd6+
Kg7 47. Be6+ Kh8 48. Kh3 1-0

[Event "I Memorial Oliver Gonzalez Somoza"]
[Site "Madrid ESP"]
[Date "2010.10.16"]
[Round "8.4"]
[White "Paunovic, Dragan"]
[Black "Candela Perez, Jose"]
[Result "1/2-1/2"]
[WhiteElo "2559"]
[BlackElo "2390"]
[PlyCount "56"]
[EventDate "2010.10.09"]
[EventType "swiss"]
[EventRounds "9"]
[EventCountry "ESP"]
[Source "lmi"]
[SourceDate "2010.10.09"]

1. c4 c6 2. d4 d5 3. e3 Nf6 4. Bd3 e6 5. Nf3 dxc4 6. Bxc4 a6 7. O-O c5 8. Bd3
Nc6 9. Nc3 cxd4 10. Nxd4 Nxd4 11. exd4 Be7 12. Be3 Bd7 13. Qf3 Bc6 14. Qh3 Qa5
15. a3 Qh5 16. Qxh5 Nxh5 17. Be4 Bxe4 18. Nxe4 Nf6 19. Nxf6+ Bxf6 20. Rfc1 Kd7
21. Kf1 Rac8 22. Ke2 Rxc1 23. Rxc1 Rc8 24. Rxc8 Kxc8 25. a4 Kd7 26. Kd3 Kc6 27.
Kc4 Be7 28. a5 Bd6 1/2-1/2

[Event "I Memorial Oliver Gonzalez Somoza"]
[Site "Madrid ESP"]
[Date "2010.10.16"]
[Round "8.5"]
[White "Hernando Pertierra, Jose Carlos"]
[Black "Vazquez Igarza, Renier"]
[Result "0-1"]
[WhiteElo "2386"]
[BlackElo "2535"]
[PlyCount "82"]
[EventDate "2010.10.09"]
[EventType "swiss"]
[EventRounds "9"]
[EventCountry "ESP"]
[Source "lmi"]
[SourceDate "2010.10.09"]

1. Nf3 Nf6 2. b3 g6 3. Bb2 Bg7 4. g3 d6 5. d4 c5 6. Bg2 cxd4 7. O-O O-O 8. Nxd4
d5 9. Nf3 Nc6 10. Nbd2 Bf5 11. Nd4 Nxd4 12. Bxd4 Qc7 13. Rc1 e5 14. Bb2 Rad8
15. e3 Rfe8 16. Qe2 h5 17. h3 Bh6 18. f4 d4 19. Qc4 Qd7 20. Nf3 b5 21. Nxe5
bxc4 22. Nxd7 Rxd7 23. Bxd4 Ne4 24. Rfe1 Bg7 25. c3 Rc7 26. bxc4 Rxc4 27. Bxe4
Rxe4 28. Bxa7 Ra4 29. Bd4 Rxa2 30. Ra1 Rxa1 31. Rxa1 Bxd4 32. exd4 Re2 33. Ra8+
Kg7 34. c4 Rc2 35. c5 Bxh3 36. Rd8 Kf6 37. Re8 Rg2+ 38. Kh1 Rd2 39. Rd8 Kf5 40.
d5 Kg4 41. Rb8 Bg2+ 0-1

[Event "I Memorial Oliver Gonzalez Somoza"]
[Site "Madrid ESP"]
[Date "2010.10.16"]
[Round "8.6"]
[White "Del Rio De Angelis, Salvador G"]
[Black "Rubio Mejia, Luis Ignacio"]
[Result "1-0"]
[WhiteElo "2515"]
[BlackElo "2373"]
[PlyCount "73"]
[EventDate "2010.10.09"]
[EventType "swiss"]
[EventRounds "9"]
[EventCountry "ESP"]
[Source "lmi"]
[SourceDate "2010.10.09"]

1. d4 Nf6 2. c4 e6 3. Nc3 Bb4 4. e3 O-O 5. Bd3 c5 6. Nf3 Nc6 7. O-O Bxc3 8.
bxc3 d6 9. e4 e5 10. d5 Ne7 11. Nh4 h6 12. Rb1 b6 13. f3 Re8 14. Rb2 Rb8 15.
Kh1 Bd7 16. Qe1 Ng6 17. Nf5 Bxf5 18. exf5 Nf4 19. Bc2 Qc8 20. g3 N4h5 21. Ba4
Nd7 22. Re2 Rf8 23. Bc6 Qd8 24. f4 exf4 25. g4 Nhf6 26. Bxf4 Qc7 27. g5 hxg5
28. Bxg5 Rfe8 29. Rg1 Kf8 30. Bxf6 gxf6 31. Rxe8+ Rxe8 32. Qh4 Ke7 33. Re1+ Kd8
34. Rxe8+ Kxe8 35. Qxf6 Kf8 36. Bxd7 Qxd7 37. Qh8+ 1-0

[Event "I Memorial Oliver Gonzalez Somoza"]
[Site "Madrid ESP"]
[Date "2010.10.16"]
[Round "8.7"]
[White "Gallardo Garcia, Andres"]
[Black "Moreno Ruiz, Javier"]
[Result "1/2-1/2"]
[WhiteElo "2373"]
[BlackElo "2491"]
[PlyCount "126"]
[EventDate "2010.10.09"]
[EventType "swiss"]
[EventRounds "9"]
[EventCountry "ESP"]
[Source "lmi"]
[SourceDate "2010.10.09"]

1. e4 e6 2. d4 d5 3. Nd2 Nf6 4. e5 Nfd7 5. c3 c5 6. f4 Nc6 7. Ndf3 Qb6 8. g3
Be7 9. Bh3 cxd4 10. cxd4 O-O 11. Kf1 a5 12. Kg2 a4 13. Ne2 a3 14. b3 Nb4 15.
Be3 Nb8 16. Qd2 Qa6 17. Rhd1 Bd7 18. Nc3 N8c6 19. g4 Rac8 20. f5 Na7 21. f6
gxf6 22. exf6 Bxf6 23. Bh6 Nb5 24. Qf4 Be7 25. Nxb5 Bxb5 26. Bxf8 Rxf8 27. g5
Nd3 28. Qh4 Bd6 29. Kh1 Nf4 30. Bf1 Bxf1 31. Rxf1 Qe2 32. Qf2 Qe4 33. Qe1 Rc8
34. Qxe4 dxe4 35. Nd2 e3 36. Nc4 e2 37. Rf2 Bb4 38. Rxf4 e1=Q+ 39. Rxe1 Bxe1
40. Nxa3 Ra8 41. Nc2 Bd2 42. Rf2 Bc1 43. Nb4 Be3 44. Rc2 Bxd4 45. a4 Ra5 46. h4
Rf5 47. Rc7 Rf1+ 48. Kg2 Rf2+ 49. Kg3 Rb2 50. Rxb7 Rxb3+ 51. Kg4 Bc3 52. Rb8+
Kg7 53. Nc6 Ra3 54. Ra8 h6 55. Ra7 hxg5 56. hxg5 Ra1 57. Nd8 Rg1+ 58. Kh5 Rh1+
59. Kg4 Kg6 60. Rxf7 Rg1+ 61. Kh3 Rxg5 62. Nxe6 Kxf7 63. Nxg5+ Ke7 1/2-1/2

[Event "I Memorial Oliver Gonzalez Somoza"]
[Site "Madrid ESP"]
[Date "2010.10.16"]
[Round "8.8"]
[White "Herraiz Hidalgo, Herminio"]
[Black "Piasetski, Leon"]
[Result "1-0"]
[WhiteElo "2480"]
[BlackElo "2303"]
[PlyCount "75"]
[EventDate "2010.10.09"]
[EventType "swiss"]
[EventRounds "9"]
[EventCountry "ESP"]
[Source "lmi"]
[SourceDate "2010.10.09"]

1. d4 Nf6 2. c4 c5 3. d5 e5 4. Nc3 Bd6 5. g3 Bc7 6. Bg2 d6 7. e4 Ba5 8. Bd2 O-O
9. Nge2 Na6 10. O-O Re8 11. a3 Bd7 12. h3 Nc7 13. f4 b5 14. fxe5 Rxe5 15. Bf4
bxc4 16. Bxe5 dxe5 17. d6 Nce8 18. Nd5 Rb8 19. Rb1 h6 20. Nec3 Kh7 21. Qe2 Nxd5
22. exd5 Bxc3 23. Qc2+ f5 24. Qxc3 Qf6 25. Qxc4 Nxd6 26. Qxc5 Rb3 27. g4 Qg6
28. Qc2 Rg3 29. Kh2 f4 30. Qxg6+ Kxg6 31. Rbc1 Rb3 32. Rf2 Kf6 33. Rc7 Ke7 34.
Rxa7 g5 35. Re2 f3 36. Rxe5+ Kf6 37. Re1 Bb5 38. Re6# 1-0

[Event "I Memorial Oliver Gonzalez Somoza"]
[Site "Madrid ESP"]
[Date "2010.10.16"]
[Round "8.9"]
[White "Serrano Salvador, Eduardo"]
[Black "Vila Gazquez, Xavier"]
[Result "1/2-1/2"]
[WhiteElo "2352"]
[BlackElo "2478"]
[PlyCount "198"]
[EventDate "2010.10.09"]
[EventType "swiss"]
[EventRounds "9"]
[EventCountry "ESP"]
[Source "lmi"]
[SourceDate "2010.10.09"]

1. b3 d5 2. e3 Nf6 3. Bb2 Bg4 4. Nf3 Nbd7 5. Be2 e6 6. h3 Bh5 7. d4 Bd6 8. O-O
O-O 9. Nbd2 c6 10. Ne5 Bxe2 11. Qxe2 Qc7 12. Nxd7 Qxd7 13. e4 dxe4 14. Nxe4 Be7
15. c4 Nxe4 16. Qxe4 Bf6 17. Rad1 Qc7 18. Rd3 Qa5 19. Qe2 Rad8 20. Bc3 Qf5 21.
Rfd1 Rfe8 22. Qg4 Qxg4 23. hxg4 Rd7 24. Kf1 h6 25. Ke2 Kh7 26. Kf3 Kg6 27. Bb4
Red8 28. Ke4 b6 29. f4 Re8 30. Bd2 Bd8 31. Be3 Bf6 32. R1d2 Be7 33. Rd1 Bb4 34.
Bd2 Bf8 35. Be3 Kf6 36. Bf2 g5 37. g3 Kg6 38. Kf3 Red8 39. Ke4 h5 40. gxh5+
Kxh5 41. g4+ Kg6 42. f5+ exf5+ 43. gxf5+ Kg7 44. Rg3 Be7 45. Be3 Re8 46. f6+
Bxf6+ 47. Kf5 Rh8 48. Bxg5 Bxg5 49. Rxg5+ Kf8 50. Rg2 Rh5+ 51. Kg4 Rh6 52. Kf5
Rdd6 53. d5 cxd5 54. cxd5 Ke7 55. Rc2 Kd7 56. Rcd2 Rh4 57. Rc2 Rh5+ 58. Ke4
Rh4+ 59. Ke3 Rh3+ 60. Ke4 Rh5 61. Rf2 Ke7 62. Rdf1 f6 63. Rf5 Rh2 64. R1f2 Rh4+
65. R5f4 Rh1 66. Rf1 Rh7 67. Kd4 Rh5 68. Rf5 Rh6 69. R5f4 Kf7 70. Rc1 Kg6 71.
Rc6 Kg5 72. Rxd6 Kxf4 73. Rc6 Kf5 74. Re6 Rh2 75. a4 Rd2+ 76. Kc4 Rc2+ 77. Kd3
Rc1 78. Re7 Rd1+ 79. Kc4 Rc1+ 80. Kb5 Rc5+ 81. Ka6 Ra5+ 82. Kb7 Rxd5 83. Kxa7
Rd3 84. b4 Rd4 85. b5 Rxa4+ 86. Kxb6 Ra1 87. Kb7 Kg4 88. Rg7+ Kf4 89. b6 f5 90.
Kc8 Rb1 91. b7 Ke3 92. Re7+ Kd3 93. Rf7 Ke4 94. b8=Q Rxb8+ 95. Kxb8 f4 96. Kc7
f3 97. Kd6 Ke3 98. Kd5 f2 99. Rxf2 Kxf2 1/2-1/2

[Event "I Memorial Oliver Gonzalez Somoza"]
[Site "Madrid ESP"]
[Date "2010.10.16"]
[Round "8.10"]
[White "Recuero Guerra, David"]
[Black "Suarez Uriel, Adrian"]
[Result "1-0"]
[WhiteElo "2457"]
[BlackElo "2180"]
[PlyCount "53"]
[EventDate "2010.10.09"]
[EventType "swiss"]
[EventRounds "9"]
[EventCountry "ESP"]
[Source "lmi"]
[SourceDate "2010.10.09"]

1. c4 e5 2. g3 Nf6 3. Bg2 h6 4. Nf3 Nc6 5. O-O Bc5 6. Nxe5 Nxe5 7. d4 Nxc4 8.
dxc5 Qe7 9. Qd4 Ne5 10. Nc3 Nc6 11. Qe3 a6 12. Qxe7+ Kxe7 13. Bf4 d6 14. cxd6+
cxd6 15. Rad1 Rd8 16. Rd2 g5 17. Be3 Be6 18. f4 Rg8 19. f5 Bd7 20. Rfd1 Ne5 21.
Rxd6 Nc4 22. Bc5 Nxd6 23. Bxb7 Rac8 24. Bxd6+ Kd8 25. Bxc8 Kxc8 26. Be5 Ng4 27.
Nd5 1-0